Catalog

Record Details

Catalog Search



Available copies

  • 2 of 2 copies available at LARL/NWRL Consortium.
  • 1 of 1 copy available at Northwest Regional Library. (Show preferred library)

Current holds

0 current holds with 2 total copies.

Show Only Available Copies
Location Call Number / Copy Notes Barcode Shelving Location Status Due Date
Thief River Falls Public Library ya SAN (Text) 35500005306376 Main Available -
Detroit Lakes Public Library Y SAN (Text) 33500013747076 Main Available -

Record details

  • ISBN: 9780593307120
  • ISBN: 9780385743563 (hbk.)
  • ISBN: 0385743564 (hbk.)
  • ISBN: 9780375991219 (glb)
  • ISBN: 0375991212 (glb)
  • Physical Description: 386 pages ; 24 cm
  • Edition: First edition.
  • Publisher: New York : Delacorte Press, 2013

Content descriptions

Summary, etc.:
At age eight, David watched as his father was ... Read More
Subject: Supervillains > Juvenile fiction.
Guerrilla warfare > Juvenile fiction.
Supervillains > Fiction.
Guerrilla warfare > Fiction.
Science fiction.
Genre: Young adult fiction.
LDR 02505cam a2200541 i 4500
001155579
003LARL_NWRL_CONSORTIUM
00520230105210419.0
008121217s2013 nyu d 000 1 eng
010 . ‡a2012045751
0201 . ‡a9780593307120
020 . ‡a9780385743563 (hbk.)
020 . ‡a0385743564 (hbk.)
020 . ‡z9780449818398 (e)
020 . ‡a9780375991219 (glb)
020 . ‡a0375991212 (glb)
035 . ‡a(OCoLC)822028608
040 . ‡aDLC ‡erda ‡beng ‡cDLC ‡dIG# ‡dUPZ
08200. ‡a[Fic] ‡223
1001 . ‡aSanderson, Brandon. ‡0(LARL_NWRL_CONSORTIUM)192360
24510. ‡aSteelheart / ‡cBrandon Sanderson.
250 . ‡aFirst edition.
260 . ‡aNew York : ‡bDelacorte Press, ‡c2013
300 . ‡a386 pages ; ‡c24 cm
336 . ‡atext ‡2rdacontent
337 . ‡aunmediated ‡2rdamedia
338 . ‡avolume ‡2rdacarrier
4900 . ‡aReckoners ; ‡v1
520 . ‡aAt age eight, David watched as his father was killed by an Epic, a human with superhuman powers, and now, ten years later, he joins the Reckoners--the only people who are trying to kill the Epics and end their tyranny.
650 0. ‡aSupervillains ‡vJuvenile fiction.
650 0. ‡aGuerrilla warfare ‡vJuvenile fiction.
650 1. ‡aSupervillains ‡vFiction.
650 1. ‡aGuerrilla warfare ‡vFiction.
650 1. ‡aScience fiction. ‡0(LARL_NWRL_CONSORTIUM)30394
655 0. ‡aYoung adult fiction.
901 . ‡a155579 ‡bOCLC ‡c155579 ‡tbiblio

Additional Resources